• 首页
  • 本馆介绍
  • 公告通知
  • 最新文献
  • 馆藏检索
  • 电子资源
  • 读者导购
  • 参考咨询
  • 我的图书馆
  • 登录
  • 详细信息显示
  • 放入我的书架
  • 预约/预借图书
  • 作者相关作品
  • 分类相关作品
  • 丛书相关作品
  • 出版社相关作品

书目信息

  • 表格格式
  • 工作单格式
  • 卡片格式
题名:
中国长岗坡
    
 
作者: 梁伟发 主编
分册:  
出版信息: 北京   人民出版社  2018
页数: 310页
开本: 21cm
丛书名:
单 册:
中图分类: I25 , TV
科图分类:
主题词: 纪实文学--中国--当代 , 水利工程--建设--概况--罗定
电子资源:
ISBN: 978-7-01-019422-6
000 00989nam0 2200265 450
001 012001010576
005 20131102140143.0
010    @a978-7-01-019422-6@dCNY28.00
100    @a20190226d2018 em y0chiy50 ea
101 0  @achi
102    @aCN@b110000
105    @aa z 000zy
106    @ar
200 1  @a中国长岗坡@Azhong guo chang gang po@f梁伟发主编
210    @a北京@c人民出版社@d2018
215    @a310页@c图,照片@d21cm
314    @a梁伟发(1952-),男,汉族,广东省罗定市人。现任中国警察协会副会长、中国法学会常务理事等。曾主持编写大型丛书《敢为人先——改革开放广东一千个率先》、《粤警新剑》等书籍。
330    @a本书共分十一章,内容包括:奇迹的出现、“十年九旱”困罗定、治水不止尝甜头、前人没干过的我们干、巧夺天工的设计、办法总比困难多等。
606 0  @a纪实文学@y中国@z当代
606 0  @a水利工程@x建设@x概况@y罗定
690    @aI25@v5
690    @aTV@v5
701  0 @a梁伟发@Aliang wei fa@f1952-@4主编
801  0 @aCN@b上海新华@c20191020
905    @b1182027-31@dI25@e1144@f5
    
    中国长岗坡/梁伟发主编.-北京:人民出版社,2018
    310页:图,照片;21cm
    
    
    ISBN 978-7-01-019422-6:CNY28.00
    本书共分十一章,内容包括:奇迹的出现、“十年九旱”困罗定、治水不止尝甜头、前人没干过的我们干、巧夺天工的设计、办法总比困难多等。
●
相关链接 在E读中查询图书 在五车中查询图书 在当当中查询图书 在豆瓣中查询图书


正题名:中国长岗坡     索取号:I25/1144         预约/预借

序号 登录号 条形码 馆藏地/架位号 状态 备注
1 1182027   211820270   第一样本阅览室/ [索取号:I25/1144] 在馆    
2 1182028   211820289   第二借阅区/ [索取号:I25/1144] 在馆    
3 1182029   211820298   第二借阅区/ [索取号:I25/1144] 在馆    
4 1182030   211820305   第二借阅区/ [索取号:I25/1144] 在馆    
5 1182031   211820314   第二借阅区/ [索取号:I25/1144] 在馆    
唐山师范学院图书馆 欢迎您!
大连网信软件有限公司© 版权所有